Flags of South America Quiz Stats

 Plays Quiz Updated Dec 8, 2016

     
Support Sporcle.
Go Orange.
Score 0/12 Timer 03:00
36 Plays Today
Country % Correct
Brazil
97.6%
Argentina
95.1%
Chile
91.9%
Uruguay
88.8%
Colombia
86.9%
Peru
86.2%
Venezuela
84.2%
Paraguay
83.5%
Ecuador
82.2%
Bolivia
78.8%
Guyana
77.1%
Suriname
76.4%

From the Vault

Over/Under: Holiday

by Hejman

Holiday 3m
There are tons of holidays, but our favorites are the ones where presents are involved.
Remove Ads.
Support Sporcle.
Get the best of Sporcle when you Go Orange. This ad-free experience offers more features, more stats, and more fun while also helping to support Sporcle. Thank you for becoming a member.

Show Comments

Extras

Top Quizzes Today


Score Distribution

Your Account Isn't Verified!

In order to create a playlist on Sporcle, you need to verify the email address you used during registration. Go to your Sporcle Settings to finish the process.

Report this User

Report this user for behavior that violates our Community Guidelines.

Details: